| 000 | 01155camaa2200385Mi 4500 | ||
|---|---|---|---|
| 001 | 93428 | ||
| 005 | 20230410132922.0 | ||
| 008 | 900725s19779999sp 000 0 spa d | ||
| 035 | _a(OCoLC)ocn431583678 | ||
| 040 |
_aBNM _bspa _cBNM _dESUDE |
||
| 016 | 7 |
_abimoBNE19981164316 _2SpMaBN |
|
| 017 | _aM 11868-1979 | ||
| 020 | _a8424935225 | ||
| 020 | _a9788424935221 | ||
| 035 | _a(OCoLC)431583678 | ||
| 045 | 1 |
_aspa _hgrc |
|
| 050 | 1 | 4 |
_aB 171 _bB582 1977 |
| 100 | 0 | _aFilóstrato. | |
| 130 | 1 | _aBiblioteca Clásica Gredos. | |
| 245 | 1 | 0 |
_aVida de Apolonio de Tiana / _cFilóstrato ; traducción, introducción y notas de Alberto Bernabé Pajares. |
| 260 |
_aMadrid : _bGredos, _c1977 |
||
| 300 |
_a534 p. _c20 cm. |
||
| 440 | 0 |
_aBiblioteca clásica Gredos ; _vn.18 |
|
| 500 | _aIndices. | ||
| 504 | _aBibliografía: p. 54-57. | ||
| 600 | 0 | 7 |
_aApolonio de Tiana. _2embne |
| 600 | 1 | 4 |
_aApolonio de Tiana _xBiografías. |
| 650 | 0 | _aPhilosophy, Classical. | |
| 650 | 0 | _aPhilosophy, Ancient. | |
| 650 | 0 |
_aPhilosophers, Ancient _xBiography |
|
| 700 | 1 | _aBernabé, Alberto. | |
| 942 |
_2lcc _cbk |
||
| 946 | _amjcruz | ||
| 994 |
_aC0 _bDRFGD |
||
| 999 |
_c90172 _d90172 |
||